000 00815cam a22002657a 4500
003 CHAP
005 20220329134310.0
008 971013s r 00010 d
010 _a18363
011 _a19335
035 _a23420
040 _cCHAP
090 _aR-821
100 0 0 _aBock, Olavo José.
_913334
245 1 2 _aO fumigante "dowfume W-10" no controle aos nematoides de batatinha
500 _aSobretiro de : Rev. de Agricultura Sao Paulo. 24 (1-2) : 25-36, 1949
590 _aBATCH-UPD
_b10
_c20130110
_lUCH01
_h2112
590 _aBATCH-UPD
_b10
_c20130410
_lUCH01
_h1423
590 _aBATCH-UPD
_b10
_c20130914
_lUCH01
_h1837
590 _aCONVERSION
_b10
_c20130109
_lUCH01
_h1311
650 1 4 _aNematicidas.
_980808
901 _aBK
942 _cREIMP
949 _aR-821
_bBC
_cR
_d-54491
_eTS1
_i23420
_si
999 _c18363
_d18363